effect of wehg fertilizer on lettuce at crop station of royal university of agriculture ( ឥទ្ធិពលនៃជីេវែគលើដំណំាសាលាដ ក្នុងល័ក្ខខ័ណ្ឌសាកលវិទ្យាល័យភូមិន្ទកសិកម្ម) (Record no. 944)

000 -LEADER
fixed length control field 00663nam a22001577a 4500
003 - CONTROL NUMBER IDENTIFIER
control field OSt
005 - DATE AND TIME OF LATEST TRANSACTION
control field 20150921094612.0
008 - FIXED-LENGTH DATA ELEMENTS--GENERAL INFORMATION
fixed length control field 150921b xxu||||| |||| 00| 0 eng d
040 ## - CATALOGING SOURCE
Transcribing agency RUA
082 ## - DEWEY DECIMAL CLASSIFICATION NUMBER
Classification number AGR CHH 2009 B042 Or.1
100 ## - MAIN ENTRY--PERSONAL NAME
9 (RLIN) 982
Personal name CHHOUN, CHHAIYA.
245 ## - TITLE STATEMENT
Title effect of wehg fertilizer on lettuce at crop station of royal university of agriculture ( ឥទ្ធិពលនៃជីេវែគលើដំណំាសាលាដ ក្នុងល័ក្ខខ័ណ្ឌសាកលវិទ្យាល័យភូមិន្ទកសិកម្ម)
260 ## - PUBLICATION, DISTRIBUTION, ETC. (IMPRINT)
Place of publication, distribution, etc. Phnom Penh
Name of publisher, distributor, etc. RUA
Date of publication, distribution, etc. 2009
300 ## - PHYSICAL DESCRIPTION
Extent xi, 44p.
Other physical details ill.
Dimensions 29cm.
942 ## - ADDED ENTRY ELEMENTS (KOHA)
Source of classification or shelving scheme
Koha item type AGR
Holdings
Price effective from Date last seen Permanent Location Not for loan Date acquired Source of classification or shelving scheme Koha item type Lost status Withdrawn status Date last checked out Total Checkouts Shelving location Damaged status Barcode Current Location Full call number
2015-09-212015-09-21Library Block B 2015-09-21 AGR    B042 RUA008049Library Block BAGR CHH 2009 B042 Or.1
2015-09-212015-09-21Library Block B 2015-09-21 AGR    B042 RUA000388Library Block BAGR CHH 2009 B042 Or.2
2015-09-212015-09-21Library Block B 2015-09-21 AGR    B042 RUA000677Library Block BAGR CHH 2009 B042 Or.3
2015-09-212023-07-07Library Block B 2015-09-21 AGR  2023-06-092B042 RUA000751Library Block BAGR CHH 2009 B042 Or.4
មជ្ឈមណ្ឌលឯការនៃសាកលវិទ្យាល័យភូមិន្ទកសិកម្មចំការដូង

Powered by Koha